000
00308nam a2200109Ia 4500
008
171211s9999 xx 000 0 und d
245
_a
Diagnosing Your Health Symptoms For Dummies
245
_c
Knut Schroeder
260
_c
2010
650
_x
HEALTH
856
_u
http://down.ebook777.com/016/9780470660966.pdf
999
_c
348397
_d
348397